| 000 | 00581nam a22001697a 4500 | ||
|---|---|---|---|
| 003 | OSt | ||
| 005 | 20260313144953.0 | ||
| 008 | 260313b |||||||| |||| 00| 0 eng d | ||
| 040 | _cMRSPTU | ||
| 041 | _aEnglish | ||
| 100 | _aJitender Kumar, Supervisor: Abhilasha | ||
| 245 | _aAn Iterative Unsymmetrical Trimmed Midpoint- Median Filter for Removal of High Density Salt and Pepper Noise | ||
| 260 |
_bDepartment of CSE, MRSPTU, Bathinda _c2014 |
||
| 650 | _aComputer Science & Engineering | ||
| 856 | _uhttp://163.47.215.52:8080/jspui/handle/123456789/1203 | ||
| 942 |
_2ddc _cTH _n0 |
||
| 999 |
_c11146 _d11146 |
||